000 01817 a2200217 4500
001 29581
005 20260407155605.0
008 260407a1972 arg spa d
003 AR-UNSa-BCEJYS
040 _aAR-UNSa-BCEJYS
_bspa
_cAR-UNSa-BCEJYS
080 _a336.226.1
_xImpuestos a las ganancias o los beneficios (Impuesto Diferido)
245 1 0 _aEl impuesto a los reditos
_pestudio teórico-práctico del gravamen argentino dentro de la teoría general del impuesto
250 _a6a. ed.
264 1 _aBuenos Aires :
_bEdiciones Contabilidad Moderna
_c1972
300 _a978 p.
_c23 cm.
505 _a1. Teoría general y antecedentes argentinos - 2. Objeto del impuesto - 3. Fuente Argentina - 4. Clasificación y análisis de los réditos imponibles - 5. Sujeto del impuesto - 6. Deducciones personales y exenciones - 7. Contabilidad fiscal - 8. Normas generales sobre determinación del rédito - 9. Determinación del rédito de la primera categoría - 10. Determinación del rédito de la segunda categoría - 11. Determinación del rédito de la tercera categoría. Aspectos generales - 12. Amortizaciones - 13. Valuación de las mercaderías en los inventarios - 14. Malos créditos - 15. Previsiiones y reservas - 16. Diferencias de cambio en operaciones en moneda extranjera - 17. Determinación del rédito en la cuarta categoría - 18. Deducciones por inversión y revalúo de activos - 19. Explotaciones agropecuarias - 20. Operaciones inmobiliarias y construcciones - 21. Tratamientos de los réditos de las sociedades de capital y sus accionistas - 22. Problemas derivados de la transformación de empresas - 23. Retención e información - 24. Liquidación e ingresos del impuesto
041 _aspa
942 _cBK
590 _aniveau_biblio:m niveau_hierar:0
100 1 _aReig, Enrique Jorge
999 _c1897
_d1897